000
00198pam a2200109 a 4500
020
_c
041
_h
100
_a
P.Sudhakar
245
_a
Waste Management
653
_a
Management
930
_a
932
999
_c
246785
_d
246785